Statistics for Countries With The Most Olympic Medals

Click here to take the quiz!

General Stats

  • This quiz has been taken 66 times
  • The average score is 28 of 32

Answer Stats

TotalCountry% Correct
874France
100%
547Russia
100%
948United Kingdom
100%
892Germany
98%
742Italy
98%
555Japan
98%
528Norway
98%
661Sweden
98%
2980United States
98%
562Australia
96%
161Brazil
96%
525Canada
96%
171Spain
96%
696China
95%
320Poland
95%
472Finland
89%
451Netherlands
89%
357South Korea
89%
150Belgium
88%
206Denmark
88%
121Greece
88%
358Switzerland
88%
326Austria
86%
518Hungary
82%
104Turkey
82%
309Romania
79%
140New Zealand
77%
147Ukraine
73%
230Bulgaria
63%
113Kenya
55%
241Cuba
48%
103Belarus
45%

Score Distribution

Percentile by Number Answered

Percent of People with Each Score

Your Score History

You have not taken this quiz